Rozprávaj mi o láske
| Hlavný autor: | |
|---|---|
| Ďalší autori: | |
| Médium: | Kniha |
| Jazyk: | slovenčina čeština francúzština |
| PhysicalDescription: | 196 s. 20 cm |
| Vydavateľské údaje: |
Bratislava
Lúč
2015
|
| ISBN: | 9788081790027 |
| Vydanie: | 2. vyd. |
| Edícia: | Viera Nádej Láska
|
| Predmet: |
MARC
| LEADER | 00000nam a2200000 a 4500 | ||
|---|---|---|---|
| 001 | vtls010862413 | ||
| 003 | SK-MaSNL | ||
| 005 | 20260301175549.0 | ||
| 008 | 240318s2015 xo g 000 0 slo | ||
| 015 | |a SNBA2015/09 | ||
| 020 | |a 9788081790027 |q (brož.) | ||
| 035 | |a BF10DFDC-E367-4049-971D-44D76B62316A | ||
| 035 | |a urn:nbn:sk:snk-aml6e9 | ||
| 035 | |a urn:nbn:sk:snk-am008up4 | ||
| 040 | |a SNK |b slo |c SNK |e AACR2 | ||
| 041 | 1 | |a slo |h cze |h fre | |
| 044 | |a xo |c SK | ||
| 072 | 7 | |a 27-4 |x Praktická teológia. Morálna teológia |2 konspekt | |
| 080 | |a 177.6 |2 2001 | ||
| 080 | |a 316.472.42 |2 2001 | ||
| 080 | |a 27-423.79 |2 2001 | ||
| 080 | |a 27 |2 2001 | ||
| 080 | |a 27-1/-9 |2 2001 | ||
| 080 | |a (0:82-4) |2 2001 | ||
| 080 | |a 0:82-32) |2 2001 | ||
| 100 | 1 | |a Quoist, Michel, |d 1921-1997 |4 aut |9 134460 | |
| 245 | 1 | 0 | |a Rozprávaj mi o láske |c Michel Quoist ; [z českého prekladu ... a s prihliadnutím k francúzskemu vydaniu preložila Mária Vadilová] |
| 250 | |a 2. vyd. | ||
| 260 | |a Bratislava |b Lúč |c 2015 | ||
| 300 | |a 196 s. |c 20 cm | ||
| 490 | 1 | |a Viera Nádej Láska | |
| 650 | 0 | 7 | |a láska |2 SNKPH |9 4351 |
| 650 | 0 | 7 | |a partnerské vzťahy |2 SNKPH |9 2250 |
| 650 | 0 | 7 | |a kresťanská láska |2 SNKPH |9 4352 |
| 650 | 0 | 7 | |a kresťanské učenie |2 SNKPH |9 1960 |
| 650 | 0 | 7 | |a Love |2 SNKPHeng |9 300221 |
| 650 | 0 | 7 | |a Partner relationships |2 SNKPHeng |9 284534 |
| 650 | 0 | 7 | |a Charity |2 SNKPHeng |9 314873 |
| 650 | 0 | 7 | |a Christian doctrine |2 SNKPHeng |9 306503 |
| 650 | 0 | 7 | |a kresťanské chápanie |2 SNKPH |9 3818 |
| 650 | 0 | 7 | |a Christian approach |2 SNKPHeng |9 303614 |
| 655 | 7 | |a úvahy |2 SNKPH |9 29403 | |
| 655 | 7 | |a príbehy |2 SNKPH |9 70507 | |
| 655 | 7 | |a Essays |2 SNKPHeng |9 267540 | |
| 655 | 7 | |a Stories |2 SNKPHeng |9 265785 | |
| 700 | 1 | |a Vadilová, Mária |4 trl |9 318961 | |
| 830 | 0 | |a Viera Nádej Láska |9 324413 | |
| 919 | |a 978-80-8179-002-7 | ||
| 958 | |a NT | ||
| 958 | |a OP | ||
| 968 | |b FR |c ČES | ||
| 999 | |c 843513 |d 845443 | ||
| 952 | |a SNK |b SNK |y PREZ |7 0 |p 17A1170324 |o snkSD 84486 |i snk2015/24877 |8 0 |0 0 |1 0 |4 0 |d 2015-08-20 |f 1 |l 0 |r 2017-06-30 00:00:00 |w 2026-02-24 | ||
| 952 | |a SNK |b SNK |y VYP |7 0 |p 17A1170325 |o snkSD 84486 D1 |i snk2015/24879 |8 0 |0 0 |1 0 |4 0 |d 2015-08-20 |l 0 |r 2017-06-30 00:00:00 |w 2026-02-24 | ||


